| 000 | 00960 a2200253 4500 | ||
|---|---|---|---|
| 001 | 42243 | ||
| 005 | 20260407155712.0 | ||
| 008 | 260407a2004 arg spa d | ||
| 003 | AR-UNSa-BCEJYS | ||
| 040 |
_aAR-UNSa-BCEJYS _bspa _cAR-UNSa-BCEJYS |
||
| 080 |
_a165 _xTeoría del conocimiento. Epistemología |
||
| 245 | 1 | 0 |
_aEl oficio de sociólogo _ppresupuestos epistemológicos |
| 020 | _a987-1105-10-x | ||
| 250 | _a2a. ed. | ||
| 264 | 1 |
_aBuenos Aires : _bSiglo XXI Editores Argentina _c2004 |
|
| 300 |
_a372 p. _c21 cm. |
||
| 505 | _a1. Introducción: epistemología y metodología - 2. La ruptura - 3. La construcción del objeto - 4. Sociología del conocimiento y epistemología - 5. La ruptura - 6. La construcción del objeto - 3. El racionalismo aplicado | ||
| 041 | _aspa | ||
| 942 | _cBK | ||
| 590 | _aniveau_biblio:m niveau_hierar:0 | ||
| 100 | 1 | _aChamboredon, Jean-Claude | |
| 700 | 1 | _aBourdieu, Pierre | |
| 700 | 1 | _aPasseron, Jean-Claude | |
| 999 |
_c3579 _d3579 |
||